000 00427nam a2200181Ia 4500
001 8903
005 20260306160644.0
008 260306t1971||||xx |||||||||||||| ||spa||
041 _aESP
082 _a371.9043
_bH22
100 _aHaring, Norris G.,
_eAUT
245 0 _aMétodos de educación especial
260 _c1971
300 _a510 páginas :
_c23 cm.
650 _aGEN
654 _aCED
942 _cLIB
_dJUS
_fJUS
_2ddc
_n
999 _c8903
_d8903